Daňová politika SR a jej vplyv na podnikateľské prostredie bakalárska práca

Salvato in:
Dettagli Bibliografici
Autore principale: Pagáčová, Ema
Ente Autore: Fakulta podnikového manažmentu EU. Katedra podnikových financií
Altri autori: Ďurinová, Ivona, 1964-
Natura: Libro
Lingua:slovacco
Pubblicazione: Bratislava 2022
Tags: Aggiungi Tag
Nessun Tag, puoi essere il primo ad aggiungerne!!

MARC

LEADER 00000nbm a2200000 4500
001 0285613
005 20230223105347.5
041 0 |a slo 
044 |a SK 
245 1 0 |a Daňová politika SR a jej vplyv na podnikateľské prostredie  |b bakalárska práca  |c Ema Pagáčová ; školiteľ: Ivona Ďurinová 
264 1 |a Bratislava  |c 2022 
300 |a 65 s. 
100 1 |a Pagáčová, Ema 
700 1 |a Ďurinová, Ivona, 1964- 
710 2 |a Fakulta podnikového manažmentu EU. Katedra podnikových financií